| 000 | 00442cam a2200157u 4500 | ||
|---|---|---|---|
| 082 |
_a530 _bMIN _cL-6, P-24. |
||
| 100 | 1 |
_aMinhaj-Ud-Din _939725 |
|
| 245 | 1 | 0 | _aIntermediat physics; |
| 260 |
_aLahore, _bQuami Kutub Khana _c[1948] |
||
| 300 |
_av, 712 p. _billus., diagrs. _c14 cm. |
||
| 526 |
_a0 _b0 _c0 _d530_000000000000000_MIN |
||
| 526 |
_a0 _b0 _c0 _d530_000000000000000_MIN |
||
| 650 | 0 |
_aMCE _9379 |
|
| 650 | 0 | _aPhysics. | |
| 942 |
_2ddc _cBK |
||
| 999 |
_c544168 _d544168 |
||